000 01484namaa22003371i 4500
005 20260621113651.0
008 260621s1994 ua a|||frm||| 000 0 eng d
040 _aEG-GICUC
_beng
_cEG-GICUC
_dEG-GICUC
_erda
041 0 _aeng
_beng
_bara
049 _aDeposite
097 _aPh.D
099 _aCai01.11.25.Ph.D.1994.Ya.T.
100 0 _aYasser Ahmady EL-Safoury,
_epreparation.
245 1 0 _aTreatment Of Congenital Pseudartrosis Tibia By Free Vascularised Bone Graft /
_cBy Yasser Ahmady EL-Safoury; Supervised By Prof.Dr. Helmi EL-Hadidi, Prof.Dr. Ali Mouftah, Prof.Dr. Tarek Abdel -Shafy, Assistant Dr. Ahmed Rizk.
_bRemainder of title /
246 1 5 _aعلاج التمضل الخلقى الكاذب لعظمة الساق برقعة عظيمة حيه /
264 0 _c1994.
300 _a167 pages :
_billustrations ;
_c30 cm. +
336 _2rda content
_atext
337 _2rdamedia
_aUnmediated
338 _2rdacarrier
_avolume
502 _aThesis (Ph.D)-Cairo University,1994.
504 _aBibliography: pages 157-167.
653 0 _aOrthopaedic Surgery
700 0 _aHelmi EL-Hadidi
_ethesis advisor.
700 0 _aAli Mouftah
_ethesis advisor.
700 0 _aTarek Abdel -Shafy
_ethesis advisor.
700 0 _aAhmed Rizk
_ethesis advisor.
900 _DDepartment of Orthopaedic Surgery
_FFaculty of Medicine
_UCairo University
_b1994
_cHelmi EL-Hadidi
_cAli Mouftah
_cTarek Abdel -Shafy
_cAhmed Rizk
905 _aEman El gebaly
942 _2ddc
_cTH
_e21
_n0
999 _c180573